000 00643nam a2200205Ia 4500
008 140609s9999 xx 000 0 und d
020 _a9780071318617
050 _aPE 1441
_b.L34 2013
100 _aLangan, John.
245 _aExploring writing :
_bsentences and paragraphs /
_cJohn Langan
250 _a3rd ed.
260 _aNew York :
_bMcGraw-Hill,
_cc2013.
300 _a628 p. :
_bcol. ill. ;
_c28 cm.
500 _aIncludes appendices and index.
521 _aGE
650 _aEnglish language
_xRhetoric --Problems, exercises, etc.
650 _aReport writing
_xProblems, exercises, etc.
942 _kFOR
_cBK
999 _c117974
_d117974